[Event "Ptuj op 01"]
[Site "Ptuj"]
[Date "2014.01.24"]
[Round "6"]
[White "Peric, Bernard"]
[Black "Kelemen, Miljenko"]
[Result "0-1"]
[WhiteElo "2055"]
[BlackElo "2021"]
[PlyCount "40"]
[EventDate "2014.01.17"]
[EventType "swiss"]
[EventRounds "9"]
[EventCountry "SLO"]
[SourceTitle "EXT 2016"]
[Source "ChessBase"]
[SourceDate "2015.10.08"]
[SourceVersion "1"]
[SourceVersionDate "2015.10.08"]
[SourceQuality "1"]

1. d4 c5 2. e3 g6 3. h4 Nf6 4. b3 cxd4 5. exd4 d5 6. Bd3 Bg7 7. c3 Nc6 8. Qe2 Qc7 9. Bd2 0-0 10. f4 Bg4 11. Nf3 Nh5 12. Qe3 Bxf3 13. Qxf3 Nxd4 14. Qxd5 Rad8 15. Qc4 Qxc4 16. bxc4 Nf3+ 17. gxf3 Rxd3 18. Ke2 Rfd8 19. Rg1 Bh6 20. Be3 Nxf4+ 0-1

[Event "Ptuj op 01"]
[Site "Ptuj"]
[Date "2014.01.18"]
[Round "3"]
[White "Kelemen, Miljenko"]
[Black "Zagorsek, David"]
[Result "1-0"]
[WhiteElo "2021"]
[BlackElo "1787"]
[PlyCount "65"]
[EventDate "2014.01.17"]
[EventType "swiss"]
[EventRounds "9"]
[EventCountry "SLO"]
[SourceTitle "EXT 2016"]
[Source "ChessBase"]
[SourceDate "2015.10.08"]
[SourceVersion "1"]
[SourceVersionDate "2015.10.08"]
[SourceQuality "1"]

1. d4 Nf6 2. Bg5 Ne4 3. Bf4 c5 4. f3 Qa5+ 5. c3 Nf6 6. d5 Qb6 7. Bc1 g6 8. Na3 d6 9. e4 Bg7 10. Nc4 Qd8 11. a4 0-0 12. Bg5 Nbd7 13. Qd2 Re8 14. g4 Nb6 15. h4 Nxc4 16. Bxc4 e6 17. 0-0-0 Qa5 18. dxe6 Bxe6 19. Bxe6 Rxe6 20. Qc2 b5 21. axb5 Qxb5 22. Ne2 d5 23. Nf4 Ra6 24. Bxf6 Rxf6 25. Nxd5 Rxf3 26. Nc7 Qa5 27. Nxa8 Bxc3 28. Kb1 c4 29. Rd5 Qb4 30. Nc7 a6 31. Rd8+ Kg7 32. g5 Bxb2 33. Qxb2+ 1-0